000 01330nam a2200325 a 4500
001 000021192
005 20200930011247.0
008 100901s1963 sp 001 e spa d
040 _aDO-SdBNP
_bspa
_cBNPHU
082 _a923.1
_bM542i, 1963
100 1 _aMenéndez Pidal, Ramón,
_d1869-1968
_93902
245 1 0 _aIdea imperial de Carlos V :
_bla condesa traidora; El romanz del infant García; Adefonsus Imperator Toletanus /
_cRamón Menéndez Pidal.
250 _a5a ed.
260 _aMadrid :
_bEspasa-Calpe,
_c1963.
300 _a163, [21] ;
_c18 cm.
490 1 _aAustral ;
_v172
500 _aIncluye índice de autores.
600 1 4 _aCARLOS
_bV,
_cSACRO EMPERADOR ROMANO,
_d1500-1558
_vENSAYOS, CONFERENCIAS, ETC.
_944301
650 4 _aPoesía épica española
_xHistoria y crítica
_915486
651 4 _aEspaña
_xHistoria
_98844
700 1 2 _aMenéndez Pidal, Ramón,
_d1869-1968
_tLa condesa traidora
_944302
700 1 2 _aMenéndez Pidal, Ramón,
_d1869-1968
_tEl romanz del Infant García
_944303
700 1 2 _aMenéndez Pidal, Ramón,
_d1869-1968
_tAdefonsus Imperator Toletanus
_944304
740 0 2 _aMenéndez Pidal, Ramón,
740 0 2 _aEl romanz del infant García
740 0 2 _aAdefonsus Imperator Toletanus
830 0 _aAustral ;
_n172
_944305
910 _aValidado. Control de calidad MFF
049 _aBNGR
999 _c20693
_d20693